|
|
|
|
| LEADER |
02880cam a22004458i 4500 |
| 001 |
20952836 |
| 003 |
OSt |
| 005 |
20200928161148.0 |
| 008 |
190429s2019 ii b 001 0 eng |
| 010 |
|
|
|a 2019014678
|
| 020 |
|
|
|a 9789353285692 (pbk.)
|
| 020 |
|
|
|z 9789353285715 (e-pub 2.0)
|
| 020 |
|
|
|z 9789353285708 (e-book)
|
| 040 |
|
|
|a DLC
|b eng
|e rda
|c DLC
|
| 042 |
|
|
|a pcc
|
| 043 |
|
|
|a d------
|
| 050 |
0 |
0 |
|a JF60
|b .C55 2019
|
| 082 |
0 |
0 |
|a 320.3
|2 23
|b PUS.C
|
| 245 |
0 |
0 |
|a Comparative government and politics /
|c [edited by] Pushpa Singh, Chetna Sharma.
|
| 263 |
|
|
|a 1907
|
| 264 |
|
1 |
|a New Delhi, India ;
|a Thousand Oaks, California :
|b SAGE Publications India Pvt Ltd,
|c 2019.
|
| 300 |
|
|
|a pages cm
|
| 336 |
|
|
|a text
|b txt
|2 rdacontent
|
| 337 |
|
|
|a unmediated
|b n
|2 rdamedia
|
| 338 |
|
|
|a volume
|b nc
|2 rdacarrier
|
| 504 |
|
|
|a Includes bibliographical references and index.
|
| 505 |
0 |
|
|a Introduction : understanding comparative politics / Pushpa Singh -- Challenges to comparative government and politics / Anusha and Shefali Manhas -- Capitalism : origin, growth and evolution / Skylab Sahu -- Socialism : meaning, growth and development / Pushpa Singh and Chetna Sharma -- Colonialism in comparative perspective : forms and dimensions / Ruchi Shree and Pushpa Singh -- Decolonization / Rohit Raj -- Brazil : tracing the constitutional development and political economy / Tripta Sharma -- Nigeria : the troubled giant of Africa / Praveen Dhanda -- China's constitutional development and political economy since 1949 : perspectives and trends / Rityusha Mani Tiwary and Shivani Sharma -- Britain : constitutional development and political economy / Shivali Aggarwal -- Approaches to the study of comparative politics / Skylab Sahu -- Political representation, voting and electoral systems in comparative perspective / Pushpa Singh -- Party and party systems / Babita Verma -- Nation-state : historical evolution in Western Europe and postcolonial contexts / Chetna Sharma -- Process of democratization in postcolonial, postauthoritarian and postcommunist countries / Chetna Sharma -- Federalism in comparative perspective : nature, meaning and emerging trends / Rahul Chimurkar and Vasavi.
|
| 650 |
|
0 |
|a Comparative government.
|
| 650 |
|
0 |
|a Postcolonialism.
|
| 650 |
|
0 |
|a Comparative government
|v Case studies.
|
| 650 |
|
0 |
|a Postcolonialism
|v Case studies.
|
| 651 |
|
0 |
|a Developing countries
|x Politics and government.
|
| 651 |
|
0 |
|a Developing countries
|x Politics and government
|v Case studies.
|
| 700 |
1 |
|
|a Singh, Pushpa,
|e editor.
|
| 700 |
1 |
|
|a Sharma, Chetna,
|e editor.
|
| 906 |
|
|
|a 7
|b cbc
|c orignew
|d 1
|e ecip
|f 20
|g y-gencatlg
|
| 942 |
|
|
|2 ddc
|c BK
|
| 955 |
|
|
|b re23 2019-04-29
|i re23 2019-04-29 (telework) to SL
|
| 999 |
|
|
|c 296278
|d 296278
|
| 952 |
|
|
|0 0
|1 0
|2 ddc
|4 0
|7 0
|8 NFIC
|9 315622
|a POL
|b POL
|c GEN
|d 2020-08-19
|o 320.3 PUS.C
|p POL22773
|r 2020-08-19
|w 2020-08-19
|y BK
|